MDQL
is popping MORE tags! Check the
thread
!
Quizzes
Events
Quiz Creation
Community
Videos
Private Events
Remove Ads
Sign In
Join for FREE
Feedback
Dark Mode
Quiz Categories
Sports
Geography
Music
Movies
Television
Just For Fun
Miscellaneous
History
Literature
Language
Science
Gaming
Entertainment
Religion
Holiday
For Kids
Quiz Lab
Recent
Popular Today
Quiz Kudos Today
Editor Picks
Curator Picks
Quizzes by...
Day
Popularity
Type
Ratings
Length
Year
Community
Subscriptions
Recent Discussions
Orange Saloon
Badges
Playlists
Quests
Create
Leaderboards
Showdown
Live 5
Trivia Bingo
Activity
Puzzle Library
Sporcle Events
Private Events
Virtual Trivia
Globe League
Become a Host
Pub Owners
SporcleCon
Opinionation
Our Games
Videos
Blog
Mobile Apps
Partnerships
Remove Ads and Go Orange
Feedback
Music
Pop Music
The Beatles
Song
Album
Lyrics
Bands
Singers
Artist
Clip
Rock
Rap
Classical
Billboard
Country Music
Kpop
Taylor Swift
Music
Pop Music
The Beatles
Song
Album
Lyrics
Bands
Singers
Artist
Clip
Rock
Rap
Classical
Billboard
Country Music
Kpop
Taylor Swift
Random Quiz
Search Sporcle
×
Quiz Lab
Quiz Lab
Music
Bands
Type in answers that appear in a list
Type in answers that appear in a list
Classic
Best Score? Go Orange.
Women in Song (clips) Stats
Can you name the songs with a woman's name in the title (clips)?
By
joel
15m
68 Questions
643 Plays
643 Plays
643 Plays
Comments
Comments
Give Quiz Kudos
Give Quiz Kudos
-
- Ratings
hide this ad
Replay
Link that replays current quiz
Next Quiz
Link to next quiz in quiz playlist
You Got
0%
They Got
Avg Score
37%
Avg Friend Score
Upgrade to see
Score Distribution
Jump to the score distribution portion of the page
Score
0/68
Timer
15:00
0
Plays Today
Time
Song Title
% Correct
0:28-
0:33
Billie Jean
93%
3:53-
3:56
Roxanne
82.1%
0:00-
0:05
Lola
77.9%
2:18-
2:21
Breakfast at Tiffany's
77.1%
1:07-
1:12
Hey There, Delilah
76.5%
3:40-
3:45
Mrs. Robinson
74.8%
2:10-
2:17
Layla
73.4%
5:30-
5:34
Lady Marmalade
73.1%
1:52-
1:57
Proud Mary
72.6%
3:30-
3:34
Sweet Caroline
72.6%
4:28-
4:32
Maggie May
71.7%
0:23-
0:28
Cecilia
70.9%
6:29-
6:37
Iris
66.7%
0:33-
0:38
Angie
64.7%
2:51-
2:57
Stacy's Mom
64.7%
1:41-
1:46
Dani California
64.4%
0:38-
0:44
Michelle
59.9%
4:12-
4:16
Barbara Ann
59.4%
1:35-
1:40
Janie's Got a Gun
57.9%
3:05-
3:08
Rio
56%
3:14-
3:18
Help Me Rhonda
54.7%
1:12-
1:16
Maria Maria
47.9%
3:57-
4:01
Susie Q
47.9%
1:24-
1:28
Lovely Rita
47.6%
0:17-
0:23
Jessica
47%
1:17-
1:24
Dear Prudence
46.3%
1:47-
1:51
Run Around Sue
46.2%
0:10-
0:16
Brandy
43.4%
5:58-
6:02
The Wind Cries Mary
40.4%
5:47-
5:51
The Ballad of John and Yoko
38.9%
3:09-
3:13
Windy
37.3%
5:13-
5:17
Ruby
37.3%
3:35-
3:39
Suite: Judy Blue Eyes
32.2%
2:46-
2:50
Linus and Lucy
32%
Time
Song Title
% Correct
0:05-
0:10
Sexy Sadie
30.9%
3:46-
3:52
Polythene Pam
30.2%
0:48-
1:06
Alice's Restaurant Massacre
29.9%
3:25-
3:29
Sherry
29.7%
2:40-
2:45
Melissa
26.4%
5:08-
5:12
Jane Says
25.8%
2:58-
3:04
Gloria
25%
4:17-
4:22
Tuesday's Gone
24.6%
0:44-
0:48
Peggy Sue
22.6%
4:02-
4:06
Maggie's Farm
22.6%
4:51-
4:55
Sheena Is a Punk Rocker
21%
2:29-
2:34
Roxie
20.8%
5:03-
5:07
Carrie Anne
20.8%
4:56-
5:02
Walk Away Renee
20.5%
5:24-
5:29
Rosa Parks
16.6%
5:52-
5:57
Sweet Jane
15.9%
6:21-
6:28
Jenny Was a Friend of Mine
14.8%
6:10-
6:14
Hailie's Song
14%
2:35-
2:39
Amie
13.7%
1:29-
1:34
Kate
12.9%
6:03-
6:09
Josephine
9.6%
4:07-
4:11
Pictures of Lily
8.9%
1:58-
2:03
Adrienne
8.4%
5:18-
5:23
Good Golly Miss Molly
8.2%
2:22-
2:28
Daria
7.8%
3:19-
3:24
Stephanie Says
6.4%
4:33-
4:38
Velouria
5.1%
6:15-
6:20
Helena
5%
5:35-
5:39
For Emma
4%
4:46-
4:50
Rosealia
3.3%
5:40-
5:46
The Ballad of Amelia Earhart
3.3%
4:23-
4:27
Doreen
3%
2:04-
2:09
Cousin Mary
2.8%
4:39-
4:45
Emma Blowgun's Last Stand
1.7%
Quiz Playlist
Details
Report
Send in Message
Add To Playlist
Classic:
Type in answers that appear in a list
Last Updated: Jul 30, 2017
Quiz Scoreboard
CHALLENGE
Sign Up to Join the Scoreboard
Show All
Scores
Hide
Comments
May contain spoilers
Recently Published
Colored Red Africa Blitz
by spor1
Geography
30s
Find the 'City' Movie
by crazypaving
Movies
60s
5x2 Blitz: Bands
by SL_Kpop136
Music
30s
More to Explore
Quiz From the Vault
Featured Blog Post
14 Easter Pick-up Lines to Find Eggs With
hide this ad
You Might Also Like...
Tags
Bands Quiz
Clip Quiz
Song Quiz
Audio Quiz
Woman
Women
Today's Top Quizzes in Music
Browse Music
hide this ad
Today's Top Quizzes in Bands
Browse Bands
Top Contributed Quizzes in Music
1
5X2 Blitz: Bands II
2
5X2 Blitz: The Beatles
3
Taylor Swift All Songs (2024)
4
5X2 Blitz: Billboard
5
Taylor Swift Logic Puzzle II
6
5X2 Blitz: Billboard II
7
5X2 Blitz: Singers
8
5X2 Blitz: Album
9
5X2 Blitz: Rock
10
5X2 Blitz: Lyrics
Explore More
Trending Topics
Crossword
Marvel
NBA
Disney
Harry Potter
Anime
Kpop
Soccer
Puzzle
Pokémon
Country
WWE
Song
The Office
NFL
hide this ad
More By:
joel
Quiz
Plays
Rating
Category
Featured
Created
Titles in Other Titles
14,787
4.55
Movies
Aug 20, 2015
101 Pop Songs (clips)
4,752
4.28
Music
May 6, 2010
15 Works of Art
3,927
4.38
History
Feb 10, 2011
Missing Word: Play Titles
3,174
4.36
Just For Fun
Oct 12, 2015
Monuments in Movies (movie images)
915
4.38
Movies
Feb 2, 2011
Go to Creator's Profile
Score Distribution
Quiz Creator Spotlight
joel
Follow
Send a Message
Quizzes Created
-
Created Quiz Play Count
-
More By This Creator
Popular Quizzes Today
1
Colored Red Africa Blitz
2
Find the 'City' Movie
3
5x2 Blitz: Bands
4
Find the US States - No Outlines Minefield
5
The Countries of the World
6
Find the US States
7
US States
8
Find the Countries of Europe - No Outlines Minefield
More Music Quizzes
Guess the Lyrics XCVII
Curator's Pick
Trending Quizzes
Colored Red Europe Blitz I
Colored Red Europe Blitz II
Colored Red Africa Blitz II
Colored Red Europe Blitz III
Colored Red Africa Blitz III
Recently Updated
How Do You Spell That?
pecheneg
Godzilla Movies
pecheneg
Grab Bag: 4-10 Letters
pecheneg
2024 March Madness Bracket
pecheneg
Famous TV Couples
Peacemaker
Champions League XIs: Real Madrid
pecheneg
Largest US Cities 1790-2010
pecheneg
Rides in Walt Disney World
pecheneg
Most Oscar Losses (Acting)
pecheneg
Beyoncé Albums
pecheneg
Trending Topics
Crossword
Harry Potter
Kpop
Marvel
Disney
NBA
Anime
Pokémon
Soccer
Song
Country
The Office
Puzzle
WWE
NFL
Your Account Isn't Verified!
In order to create a playlist on Sporcle, you need to verify the email address you used during registration. Go to your
Sporcle Settings
to finish the process.
Report this User
Report this user for behavior that violates our
Community Guidelines
.
Details:
Send Report
Go to the Sporcle.com Mobile Site →
Comments